| 000 | 00971cab a2200265 4500 | ||
|---|---|---|---|
| 001 | ABS39281 | ||
| 008 | 090401t1988 xxu||||| |||| 00| 0 eng d | ||
| 035 | _a(Sirsi) u15683 | ||
| 041 | _aeng | ||
| 100 | _aCatt, R. | ||
| 245 | _aGround floors | ||
| 260 | _c1988 | ||
| 350 | _a0 | ||
| 490 |
_aValuer (ISVA) _v57(5) June 1988, 166-167(2) |
||
| 520 | _aProvides guidance for surveyors and valuers who are undertaking inspections of ground floors . Describes common defects , both concealed and obvious, and stresses the importance of ensuring that adequate ventilation is provided. Suggests remedial measures for timber rot and damp . | ||
| 650 | _aCONDENSATION | ||
| 650 | _aDAMP PROOF MEMBRANES | ||
| 650 | _aBUILT ENVIRONMENT-BUILDING PATHOLOGY-INFESTATION (FUNGAL)-FUNGI-DRY ROT | ||
| 650 | _aINSULATION | ||
| 650 | _aRADON GAS | ||
| 650 | _aSTRUCTURAL SURVEYS | ||
| 690 | _aBUILT ENVIRONMENT-BUILDING PATHOLOGY | ||
| 942 | _n0 | ||
| 948 | _c04/03/1997 | ||
| 999 |
_c10311 _d10311 |
||